000
00306nam a2200133Ia 4500
008
190216s9999||||xx |||||||||||||| ||und||
100
_a
Surendran. Pu
245
0
_a
Samkhyikam-1
250
_a
1st Ed.
260
_b
Kerala Bhasha Institute
_c
1971
300
_a
250+6
650
_a
Mathematics
942
_c
BK
999
_c
37563
_d
37563